La adoración de los Reyes (Record no. 29411)

MARC details
000 -LEADER
campo de control de longitud fija 00516nam a2200169 i 4500
001 - NÚMERO DE CONTROL
campo de control 29411
003 - IDENTIFICADOR DE NÚMERO DE CONTROL
campo de control ES-MaACL
005 - FECHA Y HORA DE LA ÚLTIMA TRANSACCIÓN
campo de control 20230907183804.0
007 - CAMPO FIJO DE DESCRIPCIÓN FÍSICA--INFORMACIÓN GENERAL
campo de control de longitud fija t|
008 - DATOS DE LONGITUD FIJA--INFORMACIÓN GENERAL
campo de control de longitud fija 030121s1912 sp ||||1| spa d
100 1# - ENTRADA PRINCIPAL--NOMBRE DE PERSONA
Nombre de persona Barja, César,
Fechas asociadas al nombre 1890-1951
9 (RLIN) 25661
245 13 - MENCIÓN DEL TÍTULO
Título La adoración de los Reyes
Resto del título : Hugo van der Sues : (Cuestión jurídica) /
Mención de responsabilidad, etc. por César Barja Carral.
260 ## - PUBLICACIÓN, DISTRIBUCIÓN, ETC.
Lugar de publicación, distribución, etc. Madrid :
Nombre del editor, distribuidor, etc. [s.n.,
Fecha de publicación, distribución, etc. 1912] (
Fabricante Juan Pueyo)
300 ## - DESCRIPCIÓN FÍSICA
Extensión 68 p. ;
Dimensiones 23 cm.
852 ## - LOCALIZACIÓN
Ubicación ES-MaACL
Número de control de estantería T-1432-F-9
Holdings
Estatus retirado Estado de pérdida Estado de daño No para préstamo Colección Biblioteca de origen Biblioteca actual Ubicación en estantería Fecha de adquisición Fuente de adquisición Total de préstamos Signatura topográfica completa Código de barras Visto por última vez Precio de reemplazo Tipo de ítem Koha
        Colección de folletos Biblioteca del Ateneo de Madrid Biblioteca del Ateneo de Madrid Depósito folletos 17/01/2008     T-1432-F-9 1030363 23/02/2023 23/02/2023 Folleto